000 006580000a22001810004500
003 MACL
005 20160504150752.0
008 160504b xxu||||| |||| 00| 0 eng d
040 _aMACL
_cMACL
041 _aHindi
082 _a800 ACH
100 _aअच्‍युतन, प्रो. ए
_955169
245 _aदयाप्रकाश सिन्‍हा
_bनाट़य रचनाधर्मिता
_cप्रो. ए. अच्‍युतन
260 _bपरमेश्‍वरी प्रकाशन
_c2008
_aनई दिल्‍ली
350 _a175
650 _aLiterature
_955170
942 _cHIN
_k800/ACH/L
_2ddc
999 _c42741
_d42741